| Tag |
First Indicator |
Second Indicator |
Subfields |
| LEADER |
00000cam a2200000 4500 |
| 001 |
in00000694246 |
| 005 |
20151016054651.0 |
| 008 |
751106s1928 ncucfg 00010 eng |
| 010 |
|
|
|a 28014921
|
| 035 |
|
|
|a (OCoLC)01810768
|
| 035 |
|
|
|9 ADC4938AM
|
| 040 |
|
|
|a DLC
|c JPL
|d OCL
|d TXA
|d UtOrBLW
|
| 049 |
|
|
|a TXAM
|c [166977]
|
| 050 |
0 |
0 |
|a PQ6066
|b .K3
|
| 092 |
|
|
|a 861
|b G638YK
|
| 100 |
1 |
|
|a Kane, Elisha Kent.
|
| 245 |
1 |
0 |
|a Gongorism and the golden age ;
|b a study of exuberance and unrestraint in the arts /
|c by Elisha K. Kane,
|c with decorations by the author.
|
| 264 |
|
1 |
|a Chapel Hill :
|b University of North Carolina press,
|c [1928]
|
| 300 |
|
|
|a 3 pages 1., ix-xvi, 275 pages :
|b frontispiece (portrait) xxiv plate (including music) ;
|c 22 cm.
|
| 336 |
|
|
|a text
|b txt
|2 rdacontent
|
| 337 |
|
|
|a unmediated
|b n
|2 rdamedia
|
| 338 |
|
|
|a volume
|b nc
|2 rdacarrier
|
| 500 |
|
|
|a A complete revision and amplification of an earlier thesis, Gongorism and the artistic culture of the golden age, submitted in 1926.
|
| 505 |
0 |
|
|a --Introduction.--The meaning of Gongorism.--The extent of Gongorism.--Gongorism is Gongora.--The ancestors of Gongorism.--Some explanations of the eccentric style.--Meretricious verse in other literature.--The fantastic style in music.--Architecture and extravagance.--The grotesque in sculpture.--Painting as a field for phantasy.--Conclusion.
|
| 600 |
1 |
0 |
|a Góngora y Argote, Luis de,
|d 1561-1627.
|
| 650 |
|
0 |
|a Spanish literature
|x History and criticism.
|
| 650 |
|
0 |
|a Art, Spanish.
|
| 999 |
|
|
|a MARS
|
| 999 |
f |
f |
|s 3bb3bc71-6892-3812-8c68-c3fd935b43a8
|i 16925740-e1db-3f53-86c3-f2dd03a8a6ec
|t 0
|
| 952 |
f |
f |
|p noncirc
|a Texas A&M University
|b J.J. Pickle Campus
|c High Density Repository
|d Remote Storage
|t 0
|e PQ6066 .K3
|h Library of Congress classification
|i unmediated -- volume
|m A14853341826
|
| 952 |
f |
f |
|p normal
|a Texas A&M University
|b College Station
|c Sterling C. Evans Library
|d Evans: Library Stacks
|t 0
|e PQ6066 .K3
|h Library of Congress classification
|i unmediated -- volume
|m A14801379530
|
| 998 |
f |
f |
|a PQ6066 .K3
|t 0
|l Evans: Library Stacks
|
| 998 |
f |
f |
|a PQ6066 .K3
|t 0
|l Remote Storage
|